東京新大学野球連盟出身の現役選手(2026) - Statistics

General Stats
  • This quiz has been taken 6 times
  • The average score is 7 of 10
Answer Stats
Hint 現所属 ポジション Answer % Correct
創価 日本ハム 投手 田中正義
100%
創価 阪神 内野手 立石正広
83%
創価 巨人 内野手 門脇誠
67%
創価 ヤクルト 投手 小川泰弘
67%
創価 ヤクルト 投手 山崎太陽
67%
創価 日本ハム 投手 池田隆英
67%
創価 ロッテ 投手 石川柊太
67%
流通経済* 日本ハム 投手 生田目翼
67%
東京国際* 阪神 投手 工藤泰成
50%
駿河台* 中日 内野手 樋口正修
50%
No matching quizzes found
Score Distribution
Percent of People with Each Score
Percentile by Number Answered
Your Score History
You have not taken this quiz